00713nam a2200241 a 4500001001300000003000900013005001700022008004100039020002300080082001600103100001500119245003500134260003700169300000900206500003500215505002400250650002100274700001500295902000800310942000700318952012900325999001700454nice12345678IN_TiNIC20260116013252.0050524s1997 dela grp 000 0 eng  a8170990 c59500a954.91bAKB aAkbar, M K aPakistan from Jinnah to Sharif aDelhibMittal Publication c1997 a360p aincludes index and biblioraphy2 aBibliography, Index aPakistan-History1 aAkbar, M K bSRS cBK 001040708StackRoom-aHMIbHMId2007-04-12g595.00l1o954.91 AKBp017346r2019-09-27s2019-09-26v595.00w2005-05-24yBK c10332d10332